| 000 | 01288nam a2200349Ia 4500 | ||
|---|---|---|---|
| 003 | OSt | ||
| 005 | 20221007125122.0 | ||
| 006 | a|||||r|||| 00| 0 | ||
| 007 | ta | ||
| 008 | 221006b |||||||| |||| 00| 0 eng d | ||
| 020 |
_a0471511854 (pbk) _c _ 59.95 |
||
| 024 | _a4255 | ||
| 037 |
_bAsian, _cTextual |
||
| 040 |
_aCDL _cCDL _beng |
||
| 041 |
_2eng _aeng |
||
| 082 | _aE210, N6-,1 | ||
| 100 |
_aStumm Werner _9721561 |
||
| 245 | 0 |
_aAquatic chemistry: chemical equilibria and rates in natural waters by Werner Stumm and James J Morgan _b Morgan James J |
|
| 250 | _aEd 3 | ||
| 260 |
_aNew _bYork John Wiley Sons, Inc _c1996 |
||
| 300 |
_axvi,1022p _ccm. |
||
| 490 | _aEnvironmental science and technology | ||
| 500 | _aAppendices 976-1003p; Includes bibliographical references; Index 1005-1022p; ^n23/CSL/Carc/96-97/3848^d1996-12-23^mPurchase; ; 96-97/314^b1997-01-06^c13732^d1996-01-02^eAsian Books Private Limited; ; 1997-01-11^bSB^c1997-01-29^r1997-03-15 | ||
| 650 | _a Chemistry | ||
| 650 |
_a Hydroxyl _9721562 |
||
| 650 | _a Water | ||
| 650 |
_a Water^aHydroxyl _9721563 |
||
| 650 | _aChemistry | ||
| 700 |
_a Morgan James J _9721564 |
||
| 942 |
_hE210, N6-,1 _cTEXL _2CC |
||
| 999 |
_c1214709 _d1214709 |
||